| 000 | 01332nam a22004937a 4500 | ||
|---|---|---|---|
| 005 | 20250219161239.0 | ||
| 008 | 150302b2021 xxu||||| |||| 00| 0 ES d | ||
| 020 | _a9789587913217 | ||
| 041 | _aESP | ||
| 082 | _aR 614.1 P977d | ||
| 100 | _aPuentes Torres, Luis Fernando | ||
| 245 | _aDiccionario técnico de ciencias forenses | ||
| 260 | _aColombia | ||
| 260 | _bGrupo Editorial Ibáñez | ||
| 260 | _c2021 | ||
| 300 | _a807 páginas | ||
| 650 | _aCIENCIAS FORENSES | ||
| 650 | _aDICCIONARIOS | ||
| 650 | _aTERMINOLOGÍA | ||
| 650 | _aMEDICINA LEGAL | ||
| 650 | _aINVESTIGACIÓN CRIMINAL | ||
| 650 | _aACÚSTICA FORENSE | ||
| 650 | _aRESIDUOS DE DISPARO | ||
| 650 | _aANTROPOLOGÍA | ||
| 650 | _aIDENTIFICACIÓN HUMANA | ||
| 650 | _aAUTOMOTORES | ||
| 650 | _aBALÍSTICA | ||
| 650 | _aBIOLOGÍA FORENSE | ||
| 650 | _aEXPLOSIVOS | ||
| 650 | _aFOTOGRAFÍA FORENSE | ||
| 650 | _aGENÉTICA FORENSE | ||
| 650 | _aGRAFOLOGÍA FORENSE | ||
| 650 | _aGRAFOTECNIA FORENSE | ||
| 650 | _aIDENTIFICACIÓN DACTILAR | ||
| 650 | _aINFORMÁTICA FORENSE | ||
| 650 | _aINVESTIGACIÓN JUDICIAL | ||
| 650 | _aODONTOLOGÍA FORENSE | ||
| 650 | _aQUÍMICA FORENSE | ||
| 650 | _aFÍSICA FORENSE | ||
| 650 | _aTOPOGRAFÍA | ||
| 650 | _aINGENIERÍA CIVIL | ||
| 650 | _aARQUITECTURA | ||
| 942 |
_cREF _2ddc |
||
| 999 |
_c9443 _d9443 |
||